000 00684cam a22002531 4500
001 sa 68010916
003 DLC
005 20260227112556.0
008 890628s1967 ii b b 000 0 urdr
010 _asa 68010916
035 _a(OCoLC)19944361
040 _aDLC
_cWaU
_dDLC
042 _apremarc
043 _aa-ii---
050 0 0 _aDS452
_b.M8
100 1 _aMubārakpūrī, At̤har,
_cQāz̤ī,
_d1916-1996.
245 1 0 _aHindūstān men̲ ʻArabon̲ kī ḥukūmaten̲.
260 _c[1967]
300 _a340 p.
_bfold. map.
_c25 cm.
500 _aIn Urdu.
504 _aBibliographical notes.
650 0 _aArabs
_zIndia.
651 0 _aIndia
_xHistory
_y324 B.C.-1000 A.D.
999 _c83629
_d83629